01120cam a22002531 4500001001300000003000400013005001700017008004100034010001700075035001800092040004800110042001200158050001900170100003500189245028500224260006000509300005700569490007700626500003300703504005300736650002300789650003700812999001700849gs 24000083 DLC20260227111328.0740719s1923 kyuabc b s000 0 eng c ags 24000083  a(OCoLC)951606 aU.S. Geol. Survey. LibrarycDeUdOCoLCdDLC apremarc00aQE115b.J513621 aJillson, Willard Rouse,d1890-10aGeological research in Kentucky.bA summary account of the several geological surveys of Kentucky, including a complete list of their publications and a general bibliography of 806 titles pertaining to Kentucky geology,cby Willard Rouse Jillson ... Ten illustrations and maps ... aFrankfort, Ky.,bThe Kentucky Geological Survey,c1923. a6 p. l., 228 p.bports., fold. maps, tables.c24 cm.0 aKentucky. Geological survey 1920-1932. Ser. VI [Geologic reports]vv. 15 a"First edition, 500 copies." a"Bibliography of Kentucky geology": p. [85]-148. 0aGeologyzKentucky. 0aGeologyzKentuckyvBibliography. c26307d26307